Catálogo

MICROECONOMICS (Registro nro. 54666)

Detalles MARC
000 -LEADER
fixed length control field 00748nam a2200193 a 4500
001 - CONTROL NUMBER
control field 54666
005 - DATE AND TIME OF LATEST TRANSACTION
control field 20180714045625.0
008 - FIXED-LENGTH DATA ELEMENTS--GENERAL INFORMATION
fixed length control field 140415s2001 000 0 eng d
020 ## - INTERNATIONAL STANDARD BOOK NUMBER
International Standard Book Number 0130165832
041 ## - LANGUAGE CODE
Language code of text/sound track or separate title eng
082 ## - DEWEY DECIMAL CLASSIFICATION NUMBER
Classification number 338.5
Item number PIN
100 1# - MAIN ENTRY--PERSONAL NAME
Personal name Pindyck, Robert S.,.
245 10 - TITLE STATEMENT
Title MICROECONOMICS
250 ## - EDITION STATEMENT
Edition statement 5ed.
260 ## - PUBLICATION, DISTRIBUTION, ETC.
Place of publication, distribution, etc. [s.l.] :
Name of publisher, distributor, etc. PRENTICE HALL, INC.,,
Date of publication, distribution, etc. 2001
300 ## - PHYSICAL DESCRIPTION
Extent 647
Dimensions 20.7 x 3 x 26
520 ## - SUMMARY, ETC.
Summary, etc. MICROECONOMIC ES ONE OF THE MOST RELEVANT AND INTERESTING SUBJECTS THEY CA STUDY, IS A GOOD GRASP OF MICROECONOMICS IS VITAL FOR MANAGERIAL DECISION MAKING, FOR DESIGNING AND UNDERSTANDING PUBLIC POLICY, AND MORE GENERALLY FOR APPRECITIATING HOW A MODERN ECONOMY FUNCTIONS.
650 14 - SUBJECT ADDED ENTRY--TOPICAL TERM
Topical term or geographic name entry element MICROECONOMIA
Existencias
Withdrawn status Lost status Source of classification or shelving scheme Damaged status Not for loan Collection code Home library Current library Shelving location Date acquired Source of acquisition Inventory number Total Checkouts Full call number Barcode Date last seen Date last checked out Price effective from Koha item type
    Dewey Decimal Classification     General Biblioteca Karol Wojtyla Biblioteca Karol Wojtyla Sala general 03/12/2013 Compra 151000000000000000051812   338.5 PIN 81956 05/01/2026 26/01/2015 03/12/2013 Libro